| 000 | 00835nam a2200181 i 4500 | ||
|---|---|---|---|
| 001 | 151902 | ||
| 003 | ES-MaACL | ||
| 005 | 20250820063044.0 | ||
| 008 | 010126s1895 sp |||| | spa d | ||
| 040 |
_aCCPB | B _bspa _cCCPB | B |
||
| 100 | 1 |
_aBenzú, Martí-Miquel, Jaime, _cMarqués de _9125921 |
|
| 245 | 1 | 3 |
_aEl ramo de pensamientos _b: poesias de ilustres poetas extranjeros puestas en rima castellana / _cJaime Martí-Miquel, Marqués de Benzú. |
| 260 |
_aMadrid : _b[s.n.], _c1895 ( _fimprenta de Enrique Teodoro y Alonso á cargo de E. Anglés) |
||
| 300 |
_a313 p. ; _c22 cm. |
||
| 852 |
_aES-MaACL _jT-932-F-5 _z-- Enc. hol., conservando la enc. original _z-- Enc. en un vol. facticio _z.- Donat. Biblioteca de Palacio, sello cambio-duplicado de la Biblioteca Real |
||
| 999 |
_c151902 _d151902 |
||